<?xml version="1.0" encoding="UTF-8"?>
<marc:record xmlns:marc="http://www.loc.gov/MARC21/slim">
   <marc:leader>00000nam a2200000 a 4500</marc:leader>
   <marc:datafield ind1="1" ind2=" " tag="100">
      <marc:subfield code="a">Horváth, Ödön von</marc:subfield>
      <marc:subfield code="4">aut</marc:subfield>
      <marc:subfield code="e">Verfasser/-in</marc:subfield>
   </marc:datafield>
   <marc:datafield ind1=" " ind2=" " tag="653">
      <marc:subfield code="a">Schule</marc:subfield>
   </marc:datafield>
   <marc:datafield ind1=" " ind2=" " tag="653">
      <marc:subfield code="a">Geschichte WW II</marc:subfield>
   </marc:datafield>
   <marc:datafield ind1=" " ind2=" " tag="653">
      <marc:subfield code="a">Gesellschaftskritik</marc:subfield>
   </marc:datafield>
   <marc:datafield ind1=" " ind2=" " tag="653">
      <marc:subfield code="a">Nationalsozialismus</marc:subfield>
   </marc:datafield>
   <marc:datafield ind1=" " ind2=" " tag="653">
      <marc:subfield code="a">Geschichte 1938-1945</marc:subfield>
   </marc:datafield>
   <marc:datafield ind1=" " ind2=" " tag="653">
      <marc:subfield code="a">Deutschland</marc:subfield>
   </marc:datafield>
   <marc:datafield ind1=" " ind2=" " tag="653">
      <marc:subfield code="a">Geschichte 1930-1932</marc:subfield>
   </marc:datafield>
   <marc:datafield ind1=" " ind2=" " tag="653">
      <marc:subfield code="a">Lehrer</marc:subfield>
   </marc:datafield>
   <marc:datafield ind1=" " ind2=" " tag="653">
      <marc:subfield code="a">Schüler</marc:subfield>
   </marc:datafield>
   <marc:datafield ind1=" " ind2=" " tag="653">
      <marc:subfield code="a">Wertkrise</marc:subfield>
   </marc:datafield>
   <marc:datafield ind1="0" ind2="0" tag="245">
      <marc:subfield code="a">Jugend ohne Gott</marc:subfield>
   </marc:datafield>
   <marc:datafield ind1=" " ind2="1" tag="264">
      <marc:subfield code="b">Suhrkamp</marc:subfield>
      <marc:subfield code="c">1994</marc:subfield>
   </marc:datafield>
   <marc:datafield ind1="1" ind2=" " tag="520">
      <marc:subfield code="a">Klappentext: Der Antikriegsroman »Jugend ohne Gott« von Ödön von Horvath erschien 1937 in einem Amsterdamer Exilverlag. Die Hauptfigur ist ein junger Geschichtslehrer, der als namenloser Ich-Erzähler seinen Alltag im Dritten Reich schildert. Obwohl er gegen die Nationalsozialisten ist, verhält er sich aus Angst systemkonform. Erst als in seiner Klasse ein Mord geschieht, zwingt ihn sein Gewissen zur Stellungnahme.  Autor Edmund (Ödön) Josef von Horváth (* 9. Dezember 1901 in SuÜak, Österreich-Ungarn; å 1. Juni 1938 in Paris) war ein auf Deutsch schreibender Schriftsteller ungarischer Staatsbürgerschaft: äMeine Muttersprache ist die deutsche.ô[1] Bekannt wurde er unter anderem durch seine Stücke Geschichten aus dem Wiener Wald, Glaube Liebe Hoffnung und Kasimir und Karoline sowie durch seine zeitkritischen Romane Der ewige Spießer, Jugend ohne Gott und Ein Kind unserer Zeit.</marc:subfield>
   </marc:datafield>
   <marc:datafield ind1=" " ind2=" " tag="020">
      <marc:subfield code="a">9783518388747</marc:subfield>
      <marc:subfield code="9">9783518388747</marc:subfield>
   </marc:datafield>
</marc:record>
